Statistiken für Orte und Personen im Titel von Tim und Struppi

Klicken Sie hier um das Quiz zu spielen!

Allgemein

  • Dieses Quiz wurde 32 mal gespielt
  • Das Durchschnittsergebnis liegt bei 8 aus 19

Antwortstatistiken

BandOrt / Person / Gruppe% Korrekt
2Amerika
64%
16Mond
64%
15Mond
64%
17Bienlein
61%
19Tibet
57%
1Kongo
54%
0Sowjets / Sowjetunion
50%
23Haifischsee
46%
3Pharao
46%
5Arumbaya
39%
20Sängerin / Castafiore
39%
7Ottokar
36%
13Sonnentempel
36%
11Rackham
32%
10Einhorn
29%
22Picaros
25%
21Sydney
25%
4Blaue(r) Lotus
18%
6schwarze Insel
18%

Verteilung der Resultate

Perzentil nach korrekt beantworteten Fragen

Anzahl Personen mit jedem Resultat

Ihre Resultats-Entwicklung

Sie haben dieses Quiz noch nicht gespielt